| 000 | 01153nam0a2200325 4500 | ||
|---|---|---|---|
| 001 | RU\NLR\BIBL_A\012894809 | ||
| 005 | 20221110101614.0 | ||
| 010 | _a978-5-386-14789-1 | ||
| 021 |
_aRU _bКН-П-22-051719 _9КН-П-22-4492 |
||
| 035 | _a(NLR Aleph) 012894809 | ||
| 090 |
_a12562191 _c12562191 |
||
| 100 | _a20220923d2022 u y0rusy50 ca | ||
| 101 | 1 |
_arus _ceng |
|
| 102 | _aRU | ||
| 105 | _ay z 000ay | ||
| 181 | 0 |
_ai4 _baxxe |
|
| 182 | 0 | _an | |
| 200 | 1 |
_aВкус шалфея _e[роман] _fЙаффа С. Сантос _gперевод с английского Е. А. Сибуль |
|
| 203 |
_aТекст _bвизуальный _cнепосредственный |
||
| 210 |
_aМосква _cРипол классик _d2022 |
||
| 215 |
_a318, [1] с. _d21 |
||
| 225 | 1 | _aLove&Travel | |
| 333 | _a16+ | ||
| 686 | 1 | _aШ6(7США)67-440.4{Лх1979-50} | |
| 700 | 1 |
_aСантос _bЙ. С. _gЙаффа С. _3RU\NLR\AUTH\770224215 |
|
| 942 | _cBOOK | ||
| 980 | _aNB | ||